Παραδοσιακές μορφές κοινωνικής οργάνωσης : η ελληνική κοινότητα των Μαντεμοχωρίων στα χρόνια της τουρκοκρατίας : πτυχιακή εργασία

Αποθηκεύτηκε σε:
Λεπτομέρειες βιβλιογραφικής εγγραφής
Κύριος συγγραφέας: Μαδεμοχωρίτης, Δημήτριος
Συγγραφή απο Οργανισμό/Αρχή: Πανεπιστήμιο Αιγαίου. Σχολή Κοινωνικών Επιστημών. Τμήμα Γεωγραφίας
Άλλοι συγγραφείς: Σιδηρόπουλος, Γεώργιος (Εισηγητής διατριβής)
Μορφή: Thesis Βιβλίο
Γλώσσα:Greek
Δημοσίευση: 2012
Θέματα:
Διαθέσιμο Online:http://hdl.handle.net/11610/6077
Ετικέτες: Προσθήκη ετικέτας
Δεν υπάρχουν, Καταχωρήστε ετικέτα πρώτοι!

MARC

LEADER 00000cam a2200000 i 4500
001 1/28262
008 130411s2012 gre d
035 |l 10114164 
040 |a GR-MY-UA  |b gre  |e aacr 
041 0 |a gre 
082 0 |a 938.4  |2 (22) 
100 1 |a Μαδεμοχωρίτης, Δημήτριος. 
245 1 0 |a Παραδοσιακές μορφές κοινωνικής οργάνωσης :  |b η ελληνική κοινότητα των Μαντεμοχωρίων στα χρόνια της τουρκοκρατίας : πτυχιακή εργασία /  |c Μαδεμοχωρίτης Δημήτριος ; επιβλέπων καθηγητής: Σιδηρόπουλος Γεώργιος 
260 |c 2012 
300 |a 47 σ.;  |c 30 εκ. 
502 |a Πτυχιακή εργασία – Πανεπιστήμιο Αιγαίου, Λέσβος, 2012. 
504 |a Βιβλιογραφία: σ. 46-47 
650 0 0 |a Dissertations, Academic  |z Greece. 
651 0 |a Chalkidike (Greece)  |x History. 
651 0 |a Chalkidike (Greece)  |x Social conditions  |x History. 
700 1 |a Σιδηρόπουλος, Γεώργιος.  |4 ths 
710 2 |a Πανεπιστήμιο Αιγαίου.   |b Σχολή Κοινωνικών Επιστημών.   |b Τμήμα Γεωγραφίας. 
852 |a INST  |b LESVOS  |c DIATR  |e 20130411  |h 703  |p 005100052563  |q 005100052563  |t DIE  |y 23 
852 |a INST  |b LESVOS  |c DIATR  |e 20130411  |h 704  |p 005100052564  |q 005100052564  |t DIE  |y 23 
856 |u http://hdl.handle.net/11610/6077 
901 |a BIBL1-2013-1 
909 |a Λ  |b 179090 
909 |a Λ  |b 179089 
924 |a ΜΑΔΕΜΟΧΩΡΙΤΗΣ  |b ΔΗΜΗΤΡΙΟΣ  |y ΛΕΣΒΟΣ  |z 2012-11 
970 |a ΤΖΑΦΕΡΗ  |b ΕΥΑΓΓΕΛΙΑ  |z 2013/04/11